| 000 | 00589cam a2200193 4500500 | ||
|---|---|---|---|
| 005 | 20260329005717.0 | ||
| 041 | _afre | ||
| 042 | _adc | ||
| 100 | 1 | 0 |
_aPastorini, Chiara _eauthor |
| 245 | 0 | 0 | _a“Où je suis quand je lis ?” |
| 260 | _c2024. | ||
| 500 | _a58 | ||
| 690 | _aChiara Pastorini | ||
| 690 | _aEnfant | ||
| 690 | _alecture | ||
| 690 | _aPhilosopher avec les enfants | ||
| 786 | 0 | _nPhilosophie magazine | 182 | 9 | 2024-09-01 | p. 81-81 | 1951-1787 | |
| 856 | 4 | 1 | _uhttps://shs.cairn.info/magazine-philosophie-magazine-2024-9-page-81?lang=fr&redirect-ssocas=7080 |
| 999 |
_c1845848 _d1845848 |
||